|
|
|
|
| LEADER |
01478nam a2200361 a 4500 |
| 001 |
1472 |
| 003 |
BD-DhAAL |
| 005 |
20150628085710.0 |
| 008 |
150628s1992 nyua b 001 0 eng |
| 010 |
|
|
|a 91034486
|
| 020 |
|
|
|a 0070248206
|
| 040 |
|
|
|a DLC
|c DLC
|d DLC
|d BD-DhAAL
|
| 050 |
0 |
0 |
|a PE1127.H5
|b G75 1992
|
| 082 |
0 |
0 |
|a 428.6/4
|2 20
|
| 100 |
1 |
|
|a Grill, Neil,
|d 1939-
|9 12519
|
| 245 |
1 |
0 |
|a Americas :
|b a multicultural reader for developmental writers /
|c Neil Grill, Bernard Witlieb.
|
| 260 |
|
|
|a New York :
|b McGraw-Hill,
|c c1992.
|
| 300 |
|
|
|a xxii, 517 p. :
|b ill. ;
|c 24 cm.
|
| 504 |
|
|
|a Includes bibliographical references and index.
|
| 541 |
|
|
|e 1472
|
| 650 |
|
0 |
|a Readers
|x United States.
|9 12520
|
| 650 |
|
0 |
|a Multiculturalism
|x Problems, exercises, etc.
|9 12521
|
| 650 |
|
0 |
|a Report writing
|x Problems, exercises, etc.
|9 12522
|
| 650 |
|
0 |
|a Ethnic groups
|x Problems, exercises, etc.
|9 12523
|
| 650 |
|
0 |
|a Readers
|x Multiculturalism.
|9 12524
|
| 650 |
|
0 |
|a English language
|x Rhetoric
|v Problems, exercises, etc.
|9 11558
|
| 650 |
|
0 |
|a English language
|x Grammar
|v Problems, exercises, etc.
|9 11362
|
| 650 |
|
0 |
|a College readers.
|9 9433
|
| 651 |
|
0 |
|a United States
|x Civilization
|x Problems, exercises, etc.
|9 12525
|
| 700 |
1 |
|
|a Witlieb, Bernard,
|d 1939-
|9 12526
|
| 942 |
|
|
|2 ddc
|c BK
|
| 999 |
|
|
|c 34855
|d 34855
|
| 952 |
|
|
|0 0
|1 0
|2 ddc
|4 0
|6 428_640000000000000_GRI
|7 0
|9 54550
|a SCL
|b SCL
|c GEN
|d 2015-06-28
|e Gift: The Asia Foundation
|l 0
|o 428.64 GRI
|p 3020001472
|r 2015-06-28
|t 1
|w 2015-06-28
|y BK
|